=LDR 00000nam 2200000 4500 =001 INLIS000000000015323 =005 20130612110613 =008 ***********************************Ind** =035 ##$$0010-061300000015323 =041 ##$$a Ind =082 ##$$a 636.085 =090 ##$$a 636.085, PAK-p =100 ##$$a Peksohadiprodo, Soedomo =245 ##$$a Pakan Ternak Sambala, Soedomo Peksoharsiprodjo =260 ##$$a 1988 $b Yogyakarta =300 ##$$a II, 213 hlm, Ilus, 21 cm =650 ##$$a Makanan Ternak =850 ##$$a NBPNMAT